HTML and web design / (Record no. 1262)

MARC details
000 -LEADER
fixed length control field 00556nam a22001817a 4500
003 - CONTROL NUMBER IDENTIFIER
control field OSt
005 - DATE AND TIME OF LATEST TRANSACTION
control field 20240625011148.0
008 - FIXED-LENGTH DATA ELEMENTS--GENERAL INFORMATION
fixed length control field 240625b |||||||| |||| 00| 0 eng d
020 ## - INTERNATIONAL STANDARD BOOK NUMBER
International Standard Book Number 9789713703306
040 ## - CATALOGING SOURCE
Original cataloging agency DWC- Main Lib
Transcribing agency OC
082 ## - DEWEY DECIMAL CLASSIFICATION NUMBER
Classification number Fil. 006.74 L441h 2008
100 ## - MAIN ENTRY--PERSONAL NAME
Personal name Lebajan, Junard
245 ## - TITLE STATEMENT
Title HTML and web design /
Statement of responsibility, etc. Junard Lebajan.
260 ## - PUBLICATION, DISTRIBUTION, ETC.
Place of publication, distribution, etc. Place of publication not identified:
Name of publisher, distributor, etc. Jemma Inc. ,
Date of publication, distribution, etc. c2008.
300 ## - PHYSICAL DESCRIPTION
Extent iv, 328 pages :
Other physical details illustrations;
Dimensions 24cm.
650 ## - SUBJECT ADDED ENTRY--TOPICAL TERM
Topical term or geographic name entry element 1. HTML( Document markup language)
942 ## - ADDED ENTRY ELEMENTS (KOHA)
Source of classification or shelving scheme Dewey Decimal Classification
Koha item type Book-Filipiniana
Suppress in OPAC Yes
952 ## - LOCATION AND ITEM INFORMATION (KOHA)
--
Holdings
Withdrawn status Lost status Source of classification or shelving scheme Damaged status Not for loan Home library Current library Date acquired Source of acquisition Total Checkouts Full call number Barcode Date last seen Copy number Price effective from Koha item type Uniform Resource Identifier
    Dewey Decimal Classification     College Library College Library 01/23/2020 School Fund   Fil. 006.74 L441h 2008 CL52395 06/25/2024 c1 06/25/2024 BK - FIL